000 01040cam a2200325 i 4500
003 EG-GICUC
005 20260224083045.0
008 920609s1992 mnu frb 001 0 eng d
020 _a031401070X
_qalk. paper
040 _aDLC
_cDLC
_dDLC
_dEG-GICUC
_beng
_erda
043 _an-us---
050 0 0 _aKF4819.3
_b.W4 1992
082 0 0 _a341.83
_221
092 0 4 _221
099 _aLaw 12 1992
100 1 _aWeissbrodt, David S.
245 1 0 _aImmigration law and procedure in a nutshell /
_cby David Weissbrodt.
250 _a3rd edition.
264 _aSt. Paul, Minn. :
_bWest Pub. Co.,
_c1992.
300 _axiv, lxxiii, 497 pages ;
_c19 cm.
336 _atext
_2rdacontent
337 _aComputer
_2rdamedia
338 _aOnline Resouce
_2rdacarrier
440 0 _aNutshell series
504 _aIncludes bibliographical references (p. 462-474) and index.
650 0 _aEmigration and immigration law
_zUnited States.
856 4 0 _uhttps://fll.law.cu.edu.eg/fulltext/bks/ENGB12-00023.pdf
905 _a10
942 _2ddc
_cBK
_e21
_n0
999 _c64100
_d64100